00861naa a22002417a 4500001001000000003000900010005001700019007000300036008003400039040005400073041000900127072001400136100001900150100001400169111007400183245006600257260003600323500010400359650001400463650002800477650001300505773010100518BR7405014BR-BrBNA20240918173557.0ta230509b bl.||||| |||| 00| 0 por d aBR-BrBNAbporcBiblioteca Nacional de Agricultura a(Pt) aF30b32401 aTeixeira, M.B.1 aRauen, V.1 a2. Congresso Florestal BrasileirocCuritiba, PR (Brazil)d17 Sep 19731 aEnsaio de competicao entre progenies de Eucalyptus Saligna Sm3 aCuritiba, PR (Brasil): c1974.  aAnais do 2. Congresso Florestal Brasileiro Curitiba, PR (Brasil): 1974. p. 97-99 (BR7405014-AM)F30  aEUCALIPTO aCOMPETICAO DE VARIEDADE aPROGENIE0 tAnais do 2. Congresso Florestal BrasileirowF30 BR7405014gCuritiba, PR (Brasil), 1974. p. 97-99